Womenpreneurs : 21st century success strategies.

Bibliographic Details
Main Author: Moore
Format: Book
Published: New York: Routledge, 2012.
Subjects:
LEADER 00690cam a2200193 7i4500
001 0000030605
005 20140423090000.0
020 0 0 |a 9780415896856  
090 0 0 |a B 658.4012082   |b MOO 
100 1 0 |a Moore  
245 1 0 |a Womenpreneurs :   |b 21st century success strategies. 
260 0 0 |a New York:   |b Routledge,   |c 2012. 
300 # # |a 254 p. 
650 0 0 |a Self - employed women --   |z United States of America  
650 0 0 |a Women - owned business enteprises --   |z United States of America  
650 0 0 |a Businesswomen --   |z United States of America  
650 0 0 |a Entrepreneurship --   |z United States of America  
651 0 0 |a United States of America  
999 |a B000033856  |b Book  |c Book  |e Business Information Centre